Les phobies - Statistiques

Statistiques générales
  • Ce quiz a été pris 367 fois
  • Le résultat moyen est 12 sur 42
Statistiques - réponses
Nom de la phobie Peur % Correct
Aquaphobie Peur de l'eau
90%
Aviophobie Peur de l'avion
79%
Hématophobie Peur du sang
77%
Thanatophobie Peur de la mort
72%
Agoraphobie Peur de la foule / espaces publics
71%
Thalassophobie Peur de la mer
70%
Pédophobie Peur des enfants
69%
Pyrophobie Peur du feu
69%
Acrophobie Peur des hauteurs
64%
Aérophobie Peur de l'air et du vent
60%
Phobophobie Peur d'avoir peur
54%
Nyctophobie / Achluophobie Peur du noir
50%
Claustrophobie Peur des espaces confinés
47%
Nosophobie Peur de la maladie / d'être malade
46%
Émétophobie Peur de vomir
43%
Coulrophobie Peur des clowns
40%
Nécrophobie Peur des cadavres
39%
Acarophobie Peur des acariens
35%
Apopathophobie Peur d'aller à la selle
22%
Anthropophobie Peur des gens
18%
Autophobie Peur de la solitude
15%
Glossophobie Peur de parler en public
14%
Ablutophobie Peur de se baigner / de la noyade
14%
Algophobie Peur de la douleur
10%
Pantophobie Peur de tout
10%
Gymnophobie Peur de la nudité
9%
Pédiophobie Peur des poupées
9%
Apopathodiaphulatophobie Peur d'être constipé
9%
Laxophobie Peur d'être pris de diarrhées
7%
Anginophobie Peur de l'étouffement
5%
Astraphobie Peur du tonnerre
5%
Éreutophobie Peur de rougir en public
4%
Achmophobie Peur des aiguilles / objets pointus
4%
Blemmophobie / Scopophobie Peur du regard des autres
4%
Hylophobie Peur des forêts
3%
( Eibohphobie ) Peur des palindromes
3%
Anuptaphobie Peur du célibat
3%
Tokophobie Peur d'accoucher
2%
Leucosélophobie Peur de la page blanche
2%
Automysophobie Peur d'être sale
2%
Atychiphobie Peur de l'échec
1%
Géphyrophobie Peur des ponts / de les traverser
1%
Aucun quiz correspondant
Distribution des résultats
% des personnes avec chaque résultat
Percentile par nombre de réponses
Votre historique - résultats
Vous n’avez pas pris ce quiz